Statistiken für Alpenländer

Klicken Sie hier um das Quiz zu spielen!

Allgemein

  • Dieses Quiz wurde 24.209 mal gespielt
    (21.283 seit der letzten Aktualisierung)
  • Das Durchschnittsergebnis liegt bei 7 aus 8

Antwortstatistiken

Land% Korrekt
Deutschland
99%
Österreich
99%
Schweiz
99%
Frankreich
98%
Italien
98%
Liechtenstein
93%
Slowenien
85%
Monaco
64%

Verteilung der Resultate

Perzentil nach korrekt beantworteten Fragen

Anzahl Personen mit jedem Resultat

Ihre Resultats-Entwicklung

Sie haben dieses Quiz seit der letzten Aktualisierung nicht gespielt